Central Library OPAC University of Rajshahi

Run-and-shoot football : (Record no. 19411)

MARC details
000 -LEADER
fixed length control field 00739cam a22002531 4500
001 - CONTROL NUMBER
control field 19411
003 - CONTROL NUMBER IDENTIFIER
rucl marc code BD-RjUL
005 - DATE AND TIME OF LATEST TRANSACTION
control field 20211209000429.0
008 - FIXED-LENGTH DATA ELEMENTS--GENERAL INFORMATION
fixed length control field 140224r19671965nyu 001 0 eng
035 ## - SYSTEM CONTROL NUMBER
System control number (BD-RjUL)19471
System control number (OCoLC)1179819
040 ## - CATALOGING SOURCE
Original cataloging agency DLC
Transcribing agency NAlU
Modifying agency BD-RjUL
Language of cataloging eng
041 ## - LANGUAGE CODE
Language code of text/sound track or separate title eng
082 00 - DEWEY DECIMAL CLASSIFICATION NUMBER
Classification number 769.3322
Author mark and year ELR 1967
100 1# - MAIN ENTRY--PERSONAL NAME
Personal name Ellison, Glenn.
9 (RLIN) 59670
245 10 - TITLE STATEMENT
Title Run-and-shoot football :
Remainder of title offense of the future /
Statement of responsibility, etc. Glenn "Tiger" Ellison.
260 ## - PUBLICATION, DISTRIBUTION, ETC. (IMPRINT)
Place of publication, distribution, etc. West Nyack, N.Y. :
Name of publisher, distributor, etc. Parker Pub. Co.,
Date of publication, distribution, etc. c1965 [Printing 1967].
300 ## - PHYSICAL DESCRIPTION
Pagination xv, 208 p. :
Illustrations illus. ;
Size 24 cm.
504 ## - BIBLIOGRAPHY, ETC. NOTE
Bibliography, etc Includes index.
650 #0 - SUBJECT ADDED ENTRY--TOPICAL TERM
Topical term or geographic name as entry element Football
General subdivision Offense.
9 (RLIN) 53397
942 ## - ADDED ENTRY ELEMENTS (KOHA)
Source of classification or shelving scheme Dewey Decimal Classification
Koha item type Books
Holdings
Lost status Source of classification or shelving scheme Damaged status Not for loan Collection code Permanent Location Current Location Shelving location Date acquired Source of acquisition Cost, normal purchase price Total Checkouts Full call number Date last seen Copy number Koha item type
  Dewey Decimal Classification     Non-fiction Central Library, University of Rajshahi Central Library, University of Rajshahi   16/10/1970 Zeitlinger 65.00   769.3322 ELR 1967 24/02/2014 C-2 Books